| 000 | 00701nam a22002177a 4500 | ||
|---|---|---|---|
| 003 | KOHA_MİRAKIL | ||
| 005 | 20260407073548.0 | ||
| 008 | 260406b tu ||||| |||| 00| 0 tur d | ||
| 020 | _a9789750530524 | ||
| 040 |
_aTR-AnABB _btur _cTR-AnABB |
||
| 041 | _atur | ||
| 082 |
_a307.12 _bGEN 2024 |
||
| 100 | 1 | _aGenç, Fırat | |
| 245 | 1 | 0 |
_aKentlerin Türkiyesi : _bİmkanlar sınırlar ve çatışmalar / _cFırat Genç, Çağlar Keyder, E. Fuat Keyman, Ayşe Köse Badur |
| 246 | _aKentlerin Türkiyesi | ||
| 260 |
_aİstanbul : _bİletişim yayınları, _c2024 |
||
| 300 |
_a248 sayfa ; _c20 cm |
||
| 650 | 0 | 4 | _aŞehir planlama |
| 900 | _bCan ÇELIK | ||
| 942 |
_2ddc _cBK |
||
| 999 |
_c10171 _d10171 |
||